[Event "CZE-chT U12"]
[Site "Jihlava"]
[Date "2022.06.12"]
[Round "8.4"]
[White "Willis, Max"]
[Black "Cerny, Zbynek"]
[Result "0-1"]
[WhiteElo "1244"]
[BlackElo "1110"]
[PlyCount "60"]
[EventDate "2022.06.10"]
[EventType "team-swiss"]
[EventRounds "9"]
[EventCountry "CZE"]
[SourceTitle "CBM 209 Extra"]
[Source "ChessBase"]
[SourceDate "2022.09.30"]
[SourceVersion "1"]
[SourceVersionDate "2022.09.30"]
[SourceQuality "1"]
[WhiteTeam "Praha Bohemians U12"]
[BlackTeam "Sachy Stepan U12"]
[WhiteTeamCountry "CZE"]
[BlackTeamCountry "CZE"]

1. e4 c5 2. Nf3 Nc6 3. Bc4 d6 4. 0-0 Nf6 5. Nc3 Bg4 6. d3 Nd4 7. Nd5 Nxd5 8. Bxd5 Nxf3+ 9. gxf3 Bd7 10. Bxb7 Rb8 11. Bd5 g6 12. Bf4 Bg7 13. Rb1 0-0 14. b3 Bh3 15. Re1 e6 16. Bc4 Re8 17. e5 d5 18. Ba6 Rb6 19. d4 Rxa6 20. dxc5 Rxa2 21. b4 Bf5 22. Re2 Bh3 23. Rd2 Ra3 24. Rd4 Rxf3 25. Qxf3 Bf5 26. Rc1 f6 27. Qe3 Qe7 28. c4 Be4 29. exf6 Qxf6 30. Bg3 Qxd4 0-1